[Event "8th Leiden Open A 2014"]
[Site "Leiden NED"]
[Date "2014.07.14"]
[Round "4.14"]
[White "Van der Marel, Bert"]
[Black "Kouwenhoven, Arjen"]
[Result "1-0"]
[WhiteElo "2161"]
[BlackElo "1995"]
[WhiteFideId "1005855"]
[BlackFideId "1013416"]
[EventDate "2014.07.11"]

1. d4 Nf6 2. c4 c5 3. d5 e6 4. Nc3 exd5 5. cxd5 d6 6. e4 g6 7. f4 Bg7 8. Bb5+
Nfd7 9. a4 Qh4+ 10. g3 Qe7 11. Nf3 O-O 12. O-O Na6 13. Re1 Nb4 14. e5 a6 15. Bf1
Rb8 16. e6 Nb6 17. a5 Na8 18. f5 fxe6 19. fxe6 b6 20. Bg5 Bf6 21. Qd2 Bb7 22.
Ne4 Bxg5 23. Qxg5 Qxg5 24. Nfxg5 Bxd5 25. e7 Rfe8 26. Nxd6 Nc2 27. Nxe8 Rxe8 28.
Rad1 Nxe1 29. Rxd5 Rxe7 30. Rd8+ Kg7 31. Rxa8 h6 32. axb6 Rb7 33. Ra7 1-0

[Event "8th Leiden Open A 2014"]
[Site "Leiden NED"]
[Date "2014.07.14"]
[Round "4.15"]
[White "Van der Scheer, Henk"]
[Black "Admiraal, Miguoel"]
[Result "0-1"]
[BlackTitle "FM"]
[WhiteElo "2105"]
[BlackElo "2341"]
[WhiteFideId "1051458"]
[BlackFideId "1019716"]
[EventDate "2014.07.11"]

1. d4 Nf6 2. Nf3 e6 3. c4 c5 4. e3 cxd4 5. exd4 d5 6. Nc3 Be7 7. Bd3 dxc4 8.
Bxc4 O-O 9. O-O Nc6 10. h3 a6 11. a4 Nb4 12. Bf4 b6 13. Qe2 Bb7 14. Rfd1 Rc8 15.
Bb3 Nfd5 16. Nxd5 Bxd5 17. Bxd5 Qxd5 18. Ne5 Nc2 19. Rac1 Nxd4 20. Qxa6 Rxc1 21.
Rxc1 Qe4 22. Be3 Qxe5 23. Rc8 Nf5 24. Bxb6 Qxb2 25. a5 g6 26. Qa8 Qc1+ 27. Rxc1
Rxa8 28. Rb1 Bd8 29. a6 Bxb6 30. Rxb6 Kf8 31. Kf1 Ne7 32. Ke2 Nd5 0-1

[Event "8th Leiden Open A 2014"]
[Site "Leiden NED"]
[Date "2014.07.14"]
[Round "4.16"]
[White "De Roode, Peter"]
[Black "Fluechter, Gregor"]
[Result "0-1"]
[WhiteElo "2248"]
[BlackElo "2092"]
[WhiteFideId "1001140"]
[BlackFideId "12903396"]
[EventDate "2014.07.11"]

1. d4 d5 2. c4 c6 3. Nf3 Nf6 4. Nc3 dxc4 5. a4 Bf5 6. Ne5 e6 7. f3 Bb4 8. Kf2
Bc2 9. Qd2 Bb3 10. e3 b5 11. axb5 cxb5 12. g4 Qb6 13. Bg2 Nbd7 14. f4 Rc8 15.
Qe2 Nxe5 16. fxe5 Nd7 17. Ne4 O-O 18. g5 f6 19. exf6 gxf6 20. g6 hxg6 21. Rg1 f5
22. Nc3 Nf6 23. Bf3 Kf7 24. h4 Rh8 25. h5 Nxh5 26. Bd2 Be7 27. Rh1 Nf6 28. Qf1
Rxh1 29. Qxh1 Qb8 30. d5 Rh8 31. dxe6+ Kg7 32. Rxa7 Qxa7 0-1

[Event "8th Leiden Open A 2014"]
[Site "Leiden NED"]
[Date "2014.07.14"]
[Round "4.17"]
[White "Lecomte, Robin"]
[Black "Zaksaite, Salomeja"]
[Result "1/2-1/2"]
[BlackTitle "WIM"]
[WhiteElo "2056"]
[BlackElo "2205"]
[WhiteFideId "1037170"]
[BlackFideId "12801496"]
[EventDate "2014.07.11"]

1. Nf3 Nf6 2. g3 d5 3. Bg2 g6 4. c4 Bg7 5. O-O O-O 6. cxd5 Nxd5 7. Nc3 Nb6 8. d3
Nc6 9. Be3 h6 10. Qc1 Kh7 11. Rd1 e5 12. d4 exd4 13. Nb5 dxe3 14. Rxd8 exf2+ 15.
Kxf2 Rxd8 16. Nxc7 Rb8 17. a4 Nd5 18. Ng5+ hxg5 19. Nxd5 Be6 20. Nc3 Nd4 21. Rb1
Nf5 22. Kg1 Bd4+ 23. Kh1 Be3 24. Qf1 g4 25. Nd1 Kg7 26. Nxe3 Nxe3 27. Qf4 Nxg2
28. Kxg2 Rbc8 29. Rc1 Rxc1 30. Qxc1 Rd7 31. Kf2 a6 32. Qc3+ Kh7 33. Ke1 Kg8 34.
Qc8+ Kg7 35. Qc3+ Kg8 36. Qe5 Kh7 37. Qc3 Kg8 1/2-1/2

[Event "8th Leiden Open A 2014"]
[Site "Leiden NED"]
[Date "2014.07.14"]
[Round "4.18"]
[White "Van der Auweraert, Elwin"]
[Black "Van Halderen, Herman"]
[Result "1-0"]
[WhiteElo "2198"]
[BlackElo "2072"]
[WhiteFideId "1029568"]
[BlackFideId "1026682"]
[EventDate "2014.07.11"]

1. e4 c5 2. Nf3 d6 3. Nc3 Nf6 4. Bc4 e6 5. O-O a6 6. Re1 b5 7. Bf1 Be7 8. a4 b4
9. Na2 O-O 10. d3 Nc6 11. Bg5 h6 12. Bh4 Ne8 13. Bxe7 Qxe7 14. c3 e5 15. cxb4
cxb4 16. d4 Bg4 17. d5 Bxf3 18. gxf3 Nd4 19. Nxb4 f5 20. Nc6 Qg5+ 21. Bg2 Nf6
22. Nxd4 exd4 23. Qc1 f4 24. Qd2 Nd7 25. Qxd4 Ne5 26. Kh1 Rf6 27. Rg1 Qh5 28.
Qc3 Raf8 29. b4 Kh7 30. b5 Rg6 31. Rab1 Rg5 32. bxa6 Qh4 33. Rb2 Rf6 34. Qc8
Rfg6 35. Rb8 Qxh2+ 36. Kxh2 Rh5+ 37. Qh3 Rxh3+ 38. Kxh3 Rg5 39. Kh2 Rh5+ 40. Bh3
Nxf3+ 41. Kg2 Nd2 42. Bf5+ g6 43. Rb7+ Kh8 44. a7 Rg5+ 45. Bg4 Rxg4+ 46. Kh3 1-0

[Event "8th Leiden Open A 2014"]
[Site "Leiden NED"]
[Date "2014.07.14"]
[Round "4.19"]
[White "Van Der Raaf, Erik"]
[Black "Serdijn, Adinda"]
[Result "1/2-1/2"]
[WhiteElo "2152"]
[BlackElo "2021"]
[WhiteFideId "1004115"]
[BlackFideId "1002740"]
[EventDate "2014.07.11"]

1. e4 e5 2. Nf3 Nc6 3. d4 exd4 4. c3 dxc3 5. Bc4 Bb4 6. O-O Nge7 7. Ng5 Ne5 8.
Qb3 d5 9. exd5 Nxc4 10. Qxc4 Bd6 11. Nxc3 O-O 12. Re1 Bf5 13. Bf4 Nc8 14. Nb5
Bg6 15. Bxd6 1/2-1/2

[Event "8th Leiden Open A 2014"]
[Site "Leiden NED"]
[Date "2014.07.15"]
[Round "5.1"]
[White "Das, Arghyadip"]
[Black "Cernousek, Lukas"]
[Result "1-0"]
[WhiteTitle "IM"]
[BlackTitle "IM"]
[WhiteElo "2439"]
[BlackElo "2457"]
[WhiteFideId "5003610"]
[BlackFideId "311707"]
[EventDate "2014.07.11"]

1. e4 c5 2. Nf3 d6 3. d4 Nf6 4. Nc3 cxd4 5. Nxd4 a6 6. Bg5 e6 7. f4 b5 8. e5
dxe5 9. fxe5 Qc7 10. exf6 Qe5+ 11. Be2 Qxg5 12. O-O Ra7 13. Qd3 Rd7 14. Ne4 Qe5
15. Nf3 Qxb2 16. Qe3 Bb7 17. c4 Bxe4 18. Qxe4 Bc5+ 19. Kh1 Qxf6 20. cxb5 O-O 21.
bxa6 Qe7 22. Ne5 f5 23. Nxd7 Nxd7 24. Qc6 Ne5 25. Qb7 Qh4 26. a7 Qa4 27. Ba6 1-0

[Event "8th Leiden Open A 2014"]
[Site "Leiden NED"]
[Date "2014.07.15"]
[Round "5.2"]
[White "Nikolic, Predrag"]
[Black "Bogner, Sebastian"]
[Result "1/2-1/2"]
[WhiteTitle "GM"]
[BlackTitle "GM"]
[WhiteElo "2605"]
[BlackElo "2602"]
[WhiteFideId "14400014"]
[BlackFideId "4692055"]
[EventDate "2014.07.11"]

1. d4 Nf6 2. c4 e6 3. Nf3 b6 4. g3 Bb7 5. Bg2 c5 6. d5 exd5 7. Ng5 h6 8. Nh3 b5
9. cxb5 Qb6 10. O-O a6 11. bxa6 Nxa6 12. e3 Bd6 13. Nc3 Nc7 14. b3 O-O 15. Bb2
Qa6 16. Na4 Ne4 17. Rc1 Ne6 18. f3 N4g5 19. Nf2 d4 20. exd4 Nxd4 21. Bxd4 cxd4
22. Nd3 Bc6 23. Rc2 Bb5 24. Nab2 Ba3 25. Re1 d5 26. h4 1/2-1/2

[Event "8th Leiden Open A 2014"]
[Site "Leiden NED"]
[Date "2014.07.15"]
[Round "5.3"]
[White "Ikonnikov, Vyacheslav"]
[Black "Maryasin, Boris"]
[Result "1-0"]
[WhiteTitle "GM"]
[BlackTitle "IM"]
[WhiteElo "2556"]
[BlackElo "2327"]
[WhiteFideId "4100972"]
[BlackFideId "2801892"]
[EventDate "2014.07.11"]

1. d4 Nf6 2. Nf3 d5 3. c4 c6 4. Nc3 g6 5. e3 Bg7 6. Bd3 O-O 7. O-O dxc4 8. Bxc4
Nbd7 9. e4 b5 10. Bd3 e5 11. dxe5 Ng4 12. e6 fxe6 13. h3 Nc5 14. Bc2 Nf6 15.
Qxd8 Rxd8 16. Be3 Ncd7 17. Rfd1 Bb7 18. Bb3 Nf8 19. Ng5 a5 20. Rxd8 Rxd8 21.
Bxe6+ Nxe6 22. Nxe6 Rd7 23. Nxg7 Kxg7 24. f3 Ba6 25. Rc1 Kf7 26. Ne2 b4 27. Nd4
Bb7 28. Kf2 Rc7 29. Nb3 a4 30. Nc5 a3 31. bxa3 bxa3 32. Bf4 1-0

[Event "8th Leiden Open A 2014"]
[Site "Leiden NED"]
[Date "2014.07.15"]
[Round "5.4"]
[White "Horvath, Csaba"]
[Black "Erwich, Frank"]
[Result "1-0"]
[WhiteTitle "GM"]
[BlackTitle "FM"]
[WhiteElo "2542"]
[BlackElo "2322"]
[WhiteFideId "700118"]
[BlackFideId "1007076"]
[EventDate "2014.07.11"]

1. g3 Nf6 2. Bg2 e6 3. d4 d5 4. Nf3 b5 5. O-O c5 6. b3 b4 7. c4 bxc3 8. Nxc3
cxd4 9. Nxd4 Bb4 10. Bd2 Bc5 11. Bf4 Bb7 12. e4 O-O 13. Ndb5 a6 14. Nc7 Ra7 15.
exd5 Bd6 16. Qd4 Bxf4 17. Qxa7 Qxc7 18. gxf4 1-0

[Event "8th Leiden Open A 2014"]
[Site "Leiden NED"]
[Date "2014.07.15"]
[Round "5.5"]
[White "Duijker, Rick"]
[Black "Sengupta, Deep"]
[Result "0-1"]
[WhiteTitle "FM"]
[BlackTitle "GM"]
[WhiteElo "2256"]
[BlackElo "2533"]
[WhiteFideId "1010565"]
[BlackFideId "5008352"]
[EventDate "2014.07.11"]

1. d4 e6 2. e4 d5 3. Nc3 Nf6 4. Bg5 Bb4 5. e5 h6 6. Bd2 Bxc3 7. bxc3 Ne4 8. Qg4
Kf8 9. Bd3 Nxd2 10. Kxd2 c5 11. Nf3 c4 12. Be2 Nc6 13. h4 Bd7 14. h5 Qe7 15. a4
Rb8 16. Qf4 a6 17. Rhb1 Ke8 18. Qg3 Rg8 19. Nh2 Kd8 20. Ng4 Kc7 21. f4 b5 22.
axb5 axb5 23. Ke3 f5 24. exf6 gxf6 25. Qh4 Rgf8 26. Nxh6 Qh7 27. Ng4 Qxc2 28.
Rc1 Qe4+ 29. Kf2 Qxf4+ 30. Kg1 f5 31. Rf1 Qd6 32. Nf6 Kb7 33. g4 Rxf6 34. Qxf6
Qg3+ 35. Kh1 Qh3+ 36. Kg1 Qxc3 37. Rad1 Qe3+ 38. Rf2 c3 39. Bd3 Rg8 40. Qf7
Rxg4+ 41. Kf1 Qh3+ 42. Ke1 Rg1+ 43. Bf1 Rxf1+ 44. Rxf1 Qe3# 0-1

[Event "8th Leiden Open A 2014"]
[Site "Leiden NED"]
[Date "2014.07.15"]
[Round "5.6"]
[White "Blom, Vincent"]
[Black "Van Der Wiel, John T.H."]
[Result "1/2-1/2"]
[BlackTitle "GM"]
[WhiteElo "2218"]
[BlackElo "2424"]
[WhiteFideId "1014358"]
[BlackFideId "1000020"]
[EventDate "2014.07.11"]

1. c4 Nf6 2. g3 c6 3. Bg2 d5 4. cxd5 cxd5 5. Nf3 Nc6 6. d4 Bf5 7. O-O e6 8. a3
Be7 9. b4 O-O 10. Bb2 Ne4 11. Nbd2 Nd6 12. Ne5 a5 13. Qb3 Nb5 14. Nxc6 bxc6 15.
a4 Bxb4 16. axb5 Bxd2 17. Ba3 cxb5 18. Bxf8 Qxf8 19. Qxb5 Bc3 20. Ra2 Rb8 21.
Qc5 Bb1 22. Ra3 Bb4 23. Qxf8+ Rxf8 24. Ra1 Bc2 25. Rfc1 Bc3 26. Rxa5 1/2-1/2

[Event "8th Leiden Open A 2014"]
[Site "Leiden NED"]
[Date "2014.07.15"]
[Round "5.7"]
[White "Hendrickson, Nolan R"]
[Black "Stany, G.A."]
[Result "1/2-1/2"]
[BlackTitle "IM"]
[WhiteElo "2168"]
[BlackElo "2399"]
[WhiteFideId "2038188"]
[BlackFideId "5029104"]
[EventDate "2014.07.11"]

1. e4 c5 2. Nc3 Nc6 3. Bb5 Nd4 4. Nf3 e6 5. O-O a6 6. Bd3 Nc6 7. b3 d5 8. exd5
exd5 9. Re1+ Be7 10. Ba3 Be6 11. Bf1 g5 12. Bb2 d4 13. Nb1 Qd6 14. Qe2 g4 15.
Ne5 Nxe5 16. Qxe5 Qxe5 17. Rxe5 Bd6 18. Re1 Ne7 19. c3 Nc6 20. Na3 O-O-O 21. Nc4
Bc7 22. cxd4 cxd4 23. Rac1 Kb8 24. Ba3 Rhe8 25. g3 Bd5 26. Rxe8 Rxe8 27. Bg2
Bxg2 28. Kxg2 Re6 29. Bc5 b5 30. Nb6 Ne5 31. Nd5 Nd3 32. Ba7+ Kxa7 33. Rxc7+ Kb8
34. Rxf7 Ne1+ 35. Kf1 Nf3 36. Re7 Rc6 37. Re8+ Kb7 38. Re7+ Kc8 39. Ke2 Rc2 40.
Re8+ Kb7 41. Re7+ Kc8 42. Re8+ Kb7 43. Re7+ 1/2-1/2

[Event "8th Leiden Open A 2014"]
[Site "Leiden NED"]
[Date "2014.07.15"]
[Round "5.8"]
[White "Pijpers, Arthur"]
[Black "Van der Marel, Bert"]
[Result "1/2-1/2"]
[WhiteElo "2371"]
[BlackElo "2161"]
[WhiteFideId "1019554"]
[BlackFideId "1005855"]
[EventDate "2014.07.11"]

1. e4 e5 2. Nf3 Nc6 3. Bb5 a6 4. Ba4 Nf6 5. O-O Be7 6. Re1 b5 7. Bb3 d6 8. c3
O-O 9. h3 Na5 10. Bc2 c5 11. d4 Qc7 12. Nbd2 Bd7 13. Nf1 Rfc8 14. dxe5 dxe5 15.
Ne3 Rd8 16. Nd5 Nxd5 17. exd5 f6 18. Be4 Rab8 19. Qd3 h6 20. Bxh6 gxh6 21. Bh7+
Kh8 22. Qg6 Rb6 23. Qf7 Rf8 24. Qxe7 Qd6 25. Qxd6 Rxd6 26. Be4 f5 27. Bc2 e4 28.
Ne5 Nc4 29. Nxc4 bxc4 30. Rad1 Rd8 31. f3 exf3 32. gxf3 Rg8+ 33. Kf2 Rdg6 34.
Re7 Rg2+ 35. Ke3 R8g7 36. Rxg7 Kxg7 37. Rc1 Kf6 38. Kf4 Rd2 39. b3 Rxd5 40. bxc4
Rd2 41. Rd1 Rxd1 42. Bxd1 a5 43. Be2 Be6 44. Bf1 Bf7 45. Kg3 Ke5 46. Bd3 1/2-1/2

[Event "8th Leiden Open A 2014"]
[Site "Leiden NED"]
[Date "2014.07.15"]
[Round "5.9"]
[White "Itzhaky, Shmuel"]
[Black "Wohl, Aleksandar H."]
[Result "0-1"]
[BlackTitle "IM"]
[WhiteElo "2056"]
[BlackElo "2339"]
[WhiteFideId "2810140"]
[BlackFideId "3200345"]
[EventDate "2014.07.11"]

1. d4 g6 2. Nf3 Bg7 3. c4 d6 4. Nc3 c6 5. e3 f5 6. b4 Nd7 7. Be2 e5 8. O-O e4 9.
Nd2 Ngf6 10. Qb3 O-O 11. a4 Qe7 12. c5+ d5 13. b5 a6 14. bxc6 bxc6 15. a5 Rb8
16. Qa4 Qe6 17. Qa2 Ne8 18. Nc4 f4 19. f3 fxe3 20. Bxe3 exf3 21. Rxf3 Rxf3 22.
gxf3 Kh8 23. Ne5 Nxe5 24. dxe5 Qxe5 25. Bd2 Bh3 26. Bf1 Qd4+ 27. Kh1 Bxf1 28.
Rxf1 Qd3 0-1

[Event "8th Leiden Open A 2014"]
[Site "Leiden NED"]
[Date "2014.07.15"]
[Round "5.10"]
[White "Kerkvliet, Max"]
[Black "Bitalzadeh, Ali"]
[Result "1/2-1/2"]
[BlackTitle "IM"]
[WhiteElo "2091"]
[BlackElo "2416"]
[WhiteFideId "1025546"]
[BlackFideId "1010972"]
[EventDate "2014.07.11"]

1. d4 Nf6 2. Nf3 g6 3. g3 Bg7 4. Bg2 O-O 5. c4 d6 6. Nc3 Nc6 7. O-O a6 8. b3 Rb8
9. a4 Bg4 10. h3 Bxf3 11. Bxf3 Nd7 12. Be3 e5 13. d5 Nb4 14. Qd2 f5 15. Rac1 a5
16. Nb5 b6 17. Bg2 Nc5 18. Bxc5 bxc5 19. e4 f4 20. Bf3 Rb6 21. Kg2 Bf6 22. Rc3
fxg3 23. fxg3 Bg5 24. Qe2 h5 25. h4 Bh6 26. Kh2 c6 27. dxc6 Nxc6 28. Bg2 Nd4 29.
Rxf8+ Qxf8 30. Qf1 Qe7 31. Bh3 Rb8 32. Nxd4 exd4 33. Rf3 Qxe4 34. Bg2 Qe8 35.
Rf7 Qxf7 36. Bd5 Qxd5 37. cxd5 Rxb3 38. Qf6 Kh7 39. g4 Rb2+ 40. Kg3 Rb3+ 41. Kg2
Rb2+ 42. Kg3 Rb3+ 43. Kg2 Rb2+ 1/2-1/2

[Event "8th Leiden Open A 2014"]
[Site "Leiden NED"]
[Date "2014.07.15"]
[Round "5.11"]
[White "Fluechter, Gregor"]
[Black "Van Assendelft, Floris"]
[Result "1/2-1/2"]
[BlackTitle "IM"]
[WhiteElo "2092"]
[BlackElo "2380"]
[WhiteFideId "12903396"]
[BlackFideId "1010271"]
[EventDate "2014.07.11"]

1. e4 d6 2. d4 Nf6 3. Nc3 Nbd7 4. Be3 e5 5. Nf3 Be7 6. Be2 O-O 7. O-O c6 8. a4
Re8 9. Bc4 exd4 10. Bxd4 Nxe4 11. Nxe4 d5 12. Bd3 dxe4 13. Bxe4 Nc5 14. Re1 Nxe4
15. Rxe4 Bf5 16. Re5 Qd7 17. Bc3 Qxd1+ 18. Rxd1 Bxc2 19. Rd7 Bf6 20. Rxe8+ Rxe8
21. Bxf6 gxf6 22. Rxb7 a5 23. h3 Rd8 24. Rb6 Bxa4 25. Ra6 Rd5 26. b4 Bd1 27.
bxa5 Bxf3 1/2-1/2

[Event "8th Leiden Open A 2014"]
[Site "Leiden NED"]
[Date "2014.07.15"]
[Round "5.12"]
[White "Admiraal, Miguoel"]
[Black "Van der Auweraert, Elwin"]
[Result "1-0"]
[WhiteTitle "FM"]
[WhiteElo "2341"]
[BlackElo "2198"]
[WhiteFideId "1019716"]
[BlackFideId "1029568"]
[EventDate "2014.07.11"]

1. d4 Nf6 2. c4 c5 3. e3 g6 4. Nc3 Bg7 5. Nf3 O-O 6. Be2 d5 7. dxc5 Qa5 8. cxd5
Ne4 9. O-O Nxc3 10. bxc3 Qxc3 11. Rb1 Qxc5 12. Qd3 b6 13. Ba3 Qa5 14. Bxe7 Re8
15. d6 Bd7 16. Qb3 Be6 17. Bc4 Bxc4 18. Qxc4 Nd7 19. Qc6 Qf5 20. e4 1-0

[Event "8th Leiden Open A 2014"]
[Site "Leiden NED"]
[Date "2014.07.15"]
[Round "5.13"]
[White "Den Hartog, Marijn"]
[Black "Lupor, Stefan"]
[Result "1/2-1/2"]
[BlackTitle "FM"]
[WhiteElo "2006"]
[BlackElo "2306"]
[WhiteFideId "1046098"]
[BlackFideId "4685806"]
[EventDate "2014.07.11"]

1. e4 e6 2. d4 d5 3. Nd2 Nf6 4. e5 Nfd7 5. Bd3 c5 6. c3 Nc6 7. Ne2 cxd4 8. cxd4
f6 9. exf6 Nxf6 10. O-O Bd6 11. Nf3 Qe7 12. Nc3 a6 13. Bg5 O-O 14. Bh4 Bd7 15.
Bg3 Be8 16. Re1 Bxg3 17. hxg3 Qd6 18. Qd2 Bh5 19. Ne5 Rac8 20. Rac1 h6 21. Bb1
Qb4 22. Nxc6 Rxc6 23. Ne4 Qxd2 24. Nxd2 Rfc8 25. Nb3 Rxc1 26. Rxc1 Rxc1+ 27.
Nxc1 Kf8 28. Nb3 b6 29. Bd3 a5 30. f3 Ke7 31. Kf2 Kd6 32. Ke3 Ng8 33. Nc1 Ne7
34. g4 Be8 35. Ne2 e5 36. dxe5+ Kxe5 37. Nd4 Bd7 38. Be2 Bc8 39. Bd3 Bd7 40. Be2
Bc8 1/2-1/2

[Event "8th Leiden Open A 2014"]
[Site "Leiden NED"]
[Date "2014.07.15"]
[Round "5.14"]
[White "Ratsma, Rosa"]
[Black "Lupor, Andre"]
[Result "0-1"]
[BlackTitle "FM"]
[WhiteElo "1939"]
[BlackElo "2281"]
[WhiteFideId "1033662"]
[BlackFideId "4680103"]
[EventDate "2014.07.11"]

1. e4 c5 2. Nf3 e6 3. d4 cxd4 4. Nxd4 a6 5. Nc3 Qc7 6. f4 d6 7. Bd3 Nf6 8. Qe2
Nbd7 9. Nb3 b5 10. a3 Bb7 11. g4 Nc5 12. Nxc5 dxc5 13. g5 Nd7 14. Qg4 c4 15. Be2
b4 16. axb4 Bxb4 17. Bf3 O-O 18. Bd2 f5 19. gxf6 Nxf6 20. Qh3 Bxc3 21. bxc3 Bxe4
22. Bxe4 Nxe4 23. Be3 e5 24. Qe6+ Kh8 25. Qxe5 Qc6 26. Rg1 Nf6 27. Qg5 Rf7 28.
Bd4 Qf3 29. Rg3 Re8+ 30. Be5 Qh1+ 31. Rg1 Qe4+ 32. Kd1 Qf3+ 33. Kc1 Qe3+ 34. Kb2
Rb7+ 35. Ka2 Qb6 0-1

[Event "8th Leiden Open A 2014"]
[Site "Leiden NED"]
[Date "2014.07.15"]
[Round "5.15"]
[White "Slingerland, Fred"]
[Black "Braggaar, Leonore"]
[Result "1-0"]
[WhiteTitle "IM"]
[WhiteElo "2328"]
[BlackElo "2065"]
[WhiteFideId "1002473"]
[BlackFideId "1017284"]
[EventDate "2014.07.11"]

1. e4 e5 2. Nf3 Nc6 3. Bb5 a6 4. Bxc6 dxc6 5. O-O f6 6. d4 exd4 7. Nxd4 c5 8.
Nb3 Qxd1 9. Rxd1 Bd7 10. Bf4 O-O-O 11. Nc3 Be6 12. Rxd8+ Kxd8 13. Rd1+ Kc8 14.
Nd5 Bxd5 15. Rxd5 b6 16. Nd2 Ne7 17. Rd3 Nc6 18. c3 Be7 19. Kf1 Re8 20. f3 b5
21. b3 Na5 22. h3 Bf8 23. g4 Re6 24. Be3 Bd6 25. Kf2 Nb7 26. f4 c6 27. Kf3 Kd7
28. h4 Ke8 29. c4 Bc7 30. Rc3 Ba5 31. Rc1 Nd6 32. e5 fxe5 33. f5 e4+ 34. Ke2
Bxd2 35. Kxd2 Rf6 36. Bxc5 h5 37. g5 Rxf5 38. Bxd6 bxc4 39. bxc4 Rf2+ 40. Ke3
Rf3+ 41. Kxe4 Rh3 42. Kf5 1-0

[Event "8th Leiden Open A 2014"]
[Site "Leiden NED"]
[Date "2014.07.15"]
[Round "5.16"]
[White "Segers, Hans"]
[Black "Jansen, Dirk Norbert"]
[Result "0-1"]
[WhiteElo "2050"]
[BlackElo "2212"]
[WhiteFideId "1019350"]
[BlackFideId "4668022"]
[EventDate "2014.07.11"]

1. d4 e6 2. c4 b6 3. e4 Bb7 4. Nc3 Bb4 5. Bd3 f5 6. d5 fxe4 7. Bxe4 Qh4 8. Qd4
Nf6 9. g4 Qxg4 10. f4 Qh4+ 11. Kf1 O-O 12. Bg2 Bc5 13. Nf3 Bxd4 14. Nxh4 Bxc3
15. bxc3 exd5 16. Nf5 Rf7 17. Rg1 Kh8 18. Ne3 Na6 19. cxd5 Nc5 20. c4 Re8 21. d6
c6 22. Bh3 Ba6 23. Kg2 Nd3 24. Ng4 Bxc4 25. Ne5 Bd5+ 26. Kf1 Nxe5 27. fxe5 Ng4+
28. Ke1 Rxe5+ 29. Kd2 Rf2+ 30. Kc3 Nf6 31. Rf1 Rxh2 32. Bf5 Rh5 33. Bd3 Bg2 34.
Rf2 Be4 35. Bf4 Rc5+ 0-1

[Event "8th Leiden Open A 2014"]
[Site "Leiden NED"]
[Date "2014.07.15"]
[Round "5.17"]
[White "Zaksaite, Salomeja"]
[Black "Gieben, Stijn"]
[Result "0-1"]
[WhiteTitle "WIM"]
[WhiteElo "2205"]
[BlackElo "2042"]
[WhiteFideId "12801496"]
[BlackFideId "1034170"]
[EventDate "2014.07.11"]

1. e4 c5 2. Nf3 d6 3. d4 cxd4 4. Nxd4 Nf6 5. Nc3 a6 6. Be3 e5 7. Nf3 Be7 8. Bc4
Be6 9. Nd2 Nbd7 10. Bxe6 fxe6 11. Qf3 Nf8 12. g4 h5 13. gxh5 Rxh5 14. a4 Qc7 15.
a5 Qc6 16. Na4 d5 17. exd5 exd5 18. Nb6 Rd8 19. c3 Ne6 20. Nf1 e4 21. Qg2 d4 22.
Bd2 Kf7 23. Rg1 Rb5 24. Qg6+ Kf8 25. Bh6 Nh5 26. c4 Re5 27. Ng3 Nef4 28. Qxc6
bxc6 29. Nxh5 Nd3+ 30. Kd2 gxh6 31. Ng3 Nxf2 32. Raf1 e3+ 33. Kc1 d3 34. Rxf2+
exf2 35. Rf1 Re1+ 0-1

[Event "8th Leiden Open A 2014"]
[Site "Leiden NED"]
[Date "2014.07.17"]
[Round "6.1"]
[White "Nikolic, Predrag"]
[Black "Das, Arghyadip"]
[Result "0-1"]
[WhiteTitle "GM"]
[BlackTitle "IM"]
[WhiteElo "2605"]
[BlackElo "2439"]
[WhiteFideId "14400014"]
[BlackFideId "5003610"]
[EventDate "2014.07.11"]

1. d4 d5 2. c4 dxc4 3. Nf3 Nf6 4. e3 Bg4 5. Bxc4 e6 6. h3 Bh5 7. Nc3 Nbd7 8. O-O
Bb4 9. Be2 O-O 10. Qb3 Qe7 11. Bd2 c5 12. Rfd1 b6 13. a3 Bxc3 14. Bxc3 Ne4 15.
Be1 Ng5 16. dxc5 Nxf3+ 17. Bxf3 Bxf3 18. gxf3 Ne5 19. f4 Nf3+ 20. Kf1 bxc5 21.
Bc3 Qh4 22. Qb7 Qh5 23. Rd7 e5 24. Rad1 Nd4 25. exd4 Qxd1+ 26. Kg2 exd4 27. Rxf7
Qh5 28. Rxg7+ Kh8 29. Bd2 Rg8 30. Rg5 h6 31. Qxa8 Qxg5+ 32. fxg5 Rxa8 33. gxh6
Rb8 34. Bc1 Kh7 35. Kf1 Re8 36. h4 c4 37. Bd2 Re4 38. Bg5 c3 39. bxc3 dxc3 40.
f3 Re5 41. Bc1 c2 42. Bd2 Rb5 0-1

[Event "8th Leiden Open A 2014"]
[Site "Leiden NED"]
[Date "2014.07.17"]
[Round "6.2"]
[White "Bogner, Sebastian"]
[Black "Sengupta, Deep"]
[Result "0-1"]
[WhiteTitle "GM"]
[BlackTitle "GM"]
[WhiteElo "2602"]
[BlackElo "2533"]
[WhiteFideId "4692055"]
[BlackFideId "5008352"]
[EventDate "2014.07.11"]

1. d4 d5 2. Nf3 c6 3. c4 e6 4. e3 Nf6 5. Bd3 a6 6. O-O dxc4 7. Bxc4 c5 8. Bb3
Be7 9. Nc3 O-O 10. e4 Nc6 11. dxc5 Nd7 12. Na4 Nxc5 13. Nxc5 Bxc5 14. Bg5 Be7
15. Bf4 Qa5 16. Qe2 Bd7 17. Rfd1 Rfd8 18. e5 Be8 19. Bd2 Bb4 20. Bg5 Rxd1+ 21.
Rxd1 h6 22. Bh4 Bf8 23. a3 Ne7 24. Bc2 Bc6 25. Nd4 Bd5 26. Qd3 Ng6 27. Bg3 Qb6
28. h4 Bc5 29. h5 Nf8 30. Nb3 Be7 31. Bf4 Rc8 32. Rc1 Bg5 33. Bxg5 hxg5 34. Nd4
Rc4 35. Nf5 Qxb2 36. Ne7+ Kh8 37. Qd2 Rc7 38. Nxd5 exd5 39. Qd1 d4 0-1

[Event "8th Leiden Open A 2014"]
[Site "Leiden NED"]
[Date "2014.07.17"]
[Round "6.3"]
[White "Wohl, Aleksandar H."]
[Black "Ikonnikov, Vyacheslav"]
[Result "0-1"]
[WhiteTitle "IM"]
[BlackTitle "GM"]
[WhiteElo "2339"]
[BlackElo "2556"]
[WhiteFideId "3200345"]
[BlackFideId "4100972"]
[EventDate "2014.07.11"]

1. b3 e5 2. Bb2 Nc6 3. e3 d6 4. g3 g6 5. Bg2 Bg7 6. Ne2 Nf6 7. c4 Bf5 8. d3 Qc8
9. h3 Bd7 10. Nbc3 O-O 11. Nd5 Re8 12. Rc1 Nd8 13. Nec3 h5 14. b4 Nh7 15. Nb5
Ne6 16. Ndxc7 Nxc7 17. Nxd6 Qd8 18. Nxb7 Qe7 19. b5 h4 20. g4 Ng5 21. a4 e4 22.
Bxg7 Kxg7 23. dxe4 Nxe4 24. Qd4+ Kg8 25. O-O Rab8 26. Qxa7 Bxg4 27. hxg4 h3 28.
Bxh3 Ne6 29. Bg2 Rxb7 30. Qa5 N6c5 31. Qb4 Qh4 32. Rcd1 f6 33. f3 Rh7 0-1